000 00845nas a2200253 4500
001 BR2017001178
003 BR-BrBNA
005 20231205130930.0
007 ta
008 230509b bl.|||p| |||| 00| 00por d
040 _aBR-BrBNA
_bpor
_cBiblioteca Nacional de Agricultura
041 _a(Pt)
100 1 _aMartin, A.M.C.
100 1 _aRebêlo, J.M.M.
245 1 _aDinâmica espaço-temporal de flebotoíneos (Diptera, Psychodidae)do município de Santa Quitéria, área de cerrado do Estado do Maranhão, Brasil
650 _aINSETO
650 _aESPÉCIE
650 _aTRANSMISSÃO DE DOENÇA
650 _aLEISHMANIOSE
650 _aMARANHÃO
773 0 _tIheringia. Série Zoologia (Brazil)
_xISSN 0073-4721
_g(Sep 2006), v. 96(3) p. 283-288
_wBR2017001178
909 _a202311
_bLúcia
_c55
_dLúcia Elande
942 _2AGRIS
_n0
_cANA
999 _c252113
_d252113